1582 1114 1914 1307 1081 1124 1515 1490 1557 1918 1606 1743 1411 1156 1893 1753 1124 1714 1589 1245 1097 1853 1651 1565 1168 1970 1472 1381 1067 1263 1851 1434 1884 1011 1169 1143 1628 1879 1339 1487 1927 1282 1168 1281 1201 1196 1561 1026 1779 1917 1296 1213 1056 1202 1536 1904 1144 1861 1850 1549 1687 1102 1376 1693 1167 1102 1670 1387 1408 1121 1277 1407 1210 1736 1410 1110 1030 1345 1342 1561 1647 1973 1979 1042 1948 1331 1188 1647 1006 1459 1667 1513 1782 1103 1896 1632 1328 1858 1964 BCNSPRNW ULIB Ver.6.0+V

เปลี่ยนเป็นภาษาไทย

Change to English
 แสดงรายละเอียดบรรณานุกรม
  กลับหน้าหลัก

Brief Record : Get Marc (ISO 2709) : E-mail record : QR code < ปิดหน้าต่าง
LEADER : 00000nam 2200000uu 4500
001    13399125970
003     ULIB
008    171124s2560||||th 000 0 tha d
020    ^a9789740318880
050  4 ^aLB1025.3^bท512ร
100 0  ^aทิศนา แขมมณี
245 10 ^aรูปแบบการเรียนการสอน :^bทางเลือกที่หลากหลาย /^cทิศนาแขมมณี
250    ^aพิมพ์ครั้งที่ 7
260    ^aกรุงเทพฯ :^bสำนักพิมพ์แห่งจุฬาลงกรณ์มหาวิทยาลัย,^c2560
300    ^a137 หน้า
650  7 ^aการสอน
650  7 ^aการสอนแบบผู้เรียนเป็นศูนย์กลาง
945    ^p80^l0^i25703
999    ^aกัณชพร จุลอักษร
รายการนี้ยังไม่มีแท็ก
คุณยังไม่ได้ล็อกอิน คุณสามารถมีกิจกรรมร่วมกับเว็บไซต์ได้ แต่ต้องล็อกอินก่อน ::
  ล็อกอิน

รายการสื่อสารสนเทศ

ลำดับที่ ประเภท เลขเรียก/บาร์โค้ด สถานที่ สถานะ
1. วิทยาศาสตร์การแพทย์ และสุขภาพ
วิทยาศาสตร์การแพทย์ และสุขภาพ
LB1025.3 ท512ร ฉ.1 
  Barcode: 25703
ห้องสมุดวิทยาเขตนครสวรรค์
►หนังสือทั่วไป:l:General Books
บนชั้น

รายการใกล้เคียง
    ผู้แต่ง [ทิศนา แขมมณี]

    หัวเรื่อง [การสอน]
    หัวเรื่อง [การสอนแบบผู้เรียนเป็นศูนย์กลาง]

BibComment


ยังไม่เคยถูกคอมเมนท์

คอมเมนท์ทรัพยากรรายการนี้
  คอมเมนท์: รูปแบบการเรียนกา..


 Copyright 2026. Bcnsprnw @Library